Govt. of
Madhya Pradesh

Medicine In The Veda (Record no. 16681)

MARC details
000 -LEADER
fixed length control field 003780000a22001570004500
001 - CONTROL NUMBER
control field 004795
003 - CONTROL NUMBER IDENTIFIER
control field MACL
040 ## - CATALOGING SOURCE
Original cataloging agency MACL
090 ## - LOCALLY ASSIGNED LC-TYPE CALL NUMBER (OCLC); LOCAL CALL NUMBER (RLIN)
-- 16788
-- 16787
100 ## - MAIN ENTRY--PERSONAL NAME
Personal name Zysk, Kenneth
245 ## - TITLE STATEMENT
Title Medicine In The Veda
Remainder of title Religious Healing In The Veda
Statement of responsibility, etc. Kenneth Zysk
260 ## - PUBLICATION, DISTRIBUTION, ETC. (IMPRINT)
Place of publication, distribution, etc. Motilal Banarsidass Publishers,
Date of publication, distribution, etc. 1996
350 ## - PRICE (NR) (BK AM CF MU VM SE) [OBSOLETE]
Price 275
650 ## - SUBJECT ADDED ENTRY--TOPICAL TERM
Topical term or geographic name as entry element Religion
942 ## - ADDED ENTRY ELEMENTS (KOHA)
Call number prefix 295
Koha item type Library Membar
Holdings
Withdrawn status Lost status Source of classification or shelving scheme Damaged status Not for loan Home library Current library Date acquired Cost, normal purchase price Total Checkouts Full call number Barcode Date last seen Uniform Resource Identifier Price effective from Koha item type
          MACL MACL 15/04/2015 275.00   294.59.ZYS CRE010439 02/05/2024 16590 15/04/2015 Books